El banco provincial de Córdoba y la crisis de Baring (Registro nro. 31593)
[ vista simple ]
| 000 -LEADER | |
|---|---|
| fixed length control field | 00355 a2200109 4500 |
| 001 - CONTROL NUMBER | |
| control field | ART_34371 |
| 005 - DATE AND TIME OF LATEST TRANSACTION | |
| control field | 20260410162004.0 |
| 008 - FIXED-LENGTH DATA ELEMENTS--GENERAL INFORMATION | |
| fixed length control field | 260409a |
| 100 1# - MAIN ENTRY--PERSONAL NAME | |
| Personal name | Gómez, Mónica |
| 245 10 - TITLE STATEMENT | |
| Title | El banco provincial de Córdoba y la crisis de Baring |
| 773 0# - HOST ITEM ENTRY | |
| Title | Revista de economía y estadística |
| Related parts | - Vol. XLIX, Nº 2 (dic. 2011) |
| Record control number | REV34359 |
No hay ítems disponibles.